000 00766nam a2200217Ia 4500
003 OSt
005 20251128110130.0
008 210719s2005 xx 000 0 und d
040 _cAL
041 _aKannada
082 _aK894.1 MAHG
100 _aMAHADEVAPPA (C)
_dಮಹಾದೇವಪ್ಪ (ಸಿ)
_9247090
245 _aGubbi shantesha virachita tontada siddheshvara purana
_bಗುಬ್ಬಿ ಶಾಂತೇಶ ವಿರಚಿತ ತೋಂಟದ ಸಿದ್ಧೇಶ್ವರ ಪುರಾಣ
260 _aBengaluru
_c2005
300 _av---304
_bPB
365 _b150
_cRs
650 _aKannada literature
_9247091
650 _aKannada Poetry
_9247092
906 _aGubbi ; purana ; shantesha ; siddheshvara ; tontada ; virachita
942 _2ddc
_cBK
999 _c214921
_d214921